Topografie van het Nederlandse Rijk - Statistieken

Algemene statistieken
  • Deze quiz is 1.893 keer genomen
  • De gemiddelde score is 14 van 20
Antwoordstatistieken
Vraag Antwoord % Correct
Welk land stond vroeger bekend als Nederlands-Indië? Indonesië
97%
Welk Afrikaans land heeft de meeste mensen van Nederlandse afkomst? Zuid-Afrika
96%
Welk land in Zuid-Amerika spreekt Nederlands? Suriname
92%
Wat zijn de namen van de ABC-eilanden in de Caribische Zee? Aruba
91%
Wat zijn de namen van de ABC-eilanden in de Caribische Zee? Curaçao
90%
Wat zijn de namen van de ABC-eilanden in de Caribische Zee? Bonaire
85%
Welke twee moderne megasteden zijn ooit deel geweest van het Nederlandse Rijk? New York
82%
Wat waren toen de Nederlandse namen van deze steden? Nieuw Amsterdam
78%
Welke Nederlands-afgeleide taal is tegenwoordig een officiële taal van dat land? Afrikaans
73%
Wat importeerde de VOC voornamelijk naar Europa toe? Specerijen
73%
Welk klein Caribisch eiland deelt Nederland met Frankrijk? Sint Maarten
70%
Welke vogel stierf kort nadat Mauritius in 1638 werd gekoloniseerd uit? Dodo
68%
Wie ontdekte Tasmanië in 1642? Abel Tasman
56%
Welk Europees land werd met succes "binnengevallen" door de Nederlanders tijdens de Glorieuze Overtocht van 1688? Engeland
56%
Welke twee moderne megasteden zijn ooit deel geweest van het Nederlandse Rijk? Jakarta
54%
Welke eiland-natie stond bekend als Nederlands Ceylon tussen 1640-1796? Sri Lanka
46%
Welk Afrikaans land stond ooit bekend als de Nederlandse Goudkust? Ghana
43%
Welke Engelsman, werkend voor de Nederlanders, ontdekte een rivier in New York en een baai in Canada? Henry Hudson
39%
Wat waren toen de Nederlandse namen van deze steden? Batavia
32%
Welk woord werd algemeen gebruikt om te verwijzen naar de Nederlandse kolonisten in dat land? Boer
30%
Geen overeenkomende quizzen gevonden
Scoreverdeling
Procent van Mensen met Elke Score
Percentiel versus Aantal Correcte Antwoorden
Uw Scoregeschiedenis
U heeft deze quiz nog niet genomen